000 00738nam a22002417a 4500
003 dpl
005 20180703152031.0
008 180627b xxu||||| |||| 00| 0 eng d
010 _aB-094507
020 _c600.00
_a817524108X
035 _aB-094507, B-094513, B-94509
037 _bCen Lib/Ret
040 _aDPL
_bEN
_c0
082 _a796.4203
_bTHA
100 _aThani, Vivek
_974097
245 _aEncyclopaedia of track & field /
_cby Vivek Thani
260 _bKhel Sahitya Kendra
_aNew Delhi
_c2003
270 _a4264/3, Ansari Road, Daryaganj
_bNew Delhi
_e110002
300 _a346p. :
_c20cm(Hb)
_bill.
650 _aGreat Indian players
_924074
650 _aSports
_974098
942 _2ddc
_cEN
_h796.4203
_mTHA
999 _c128666
_d128666